000 00607nam a22002057a 4500
003 OSt
005 20260120120951.0
008 151104b xxu||||| |||| 00| 0 eng d
020 _a9781437702620
040 _cDNLM
082 _aWS100 W832t 2011
100 _aWolfe, Joanne; Hinds, Pamela; Sourkers, Barbara M.
_95984
245 _aTextbook of Interdisciplinary Pediatric Palliative Care
260 _aPhiladelphia;
_bElsevier,
_c2011
300 _axv,492p;col.ill:28cm
504 _aReferences, & index included
650 _aPediatrics
_92551
650 _aPalliative care
_91786
942 _2z
_cO_SHELF
999 _c2415
_d2415